Follow That Line: Young Frankenstein Quiz Stats

 Plays Quiz Updated Oct 24, 2018

Score 0/20 Timer 10:00
7 Plays Today
% Correct
No, it's pronounced 'Eye-gor'.
93.2%
What hump?
92.9%
My grandfather's work was doodoo!
92.6%
Because... they are jealous.
91.1%
Ja, ja. Track 29. Can I give you a shine?
90.6%
Are you speaking of the worm or the spaghetti?
90.6%
Yes! Yes! Say it! He vas my... BOYFRIEND!
88.6%
Uttin' on the iiiiiiitz!!!
87.1%
[Horses whinny]
85.3%
The stairway can be... treacherous.
85.1%
% Correct
Oh, thank you doctor.
83.2%
Undt, I tink, that it is chust about time ve had vun.
83.1%
Now? Right here?
79.9%
You go first.
79.8%
I was going to make espresso!
72.6%
Soitenly. You take the blonde; I'll take the one in the turban.
70.5%
Oh, I think I love him.
63.1%
I suggest you put on a tie.
62.3%
Of course, the rates have gone up.
60.5%
Destiny! Destiny! No escaping that for me! Destiny! Destiny! No escaping that for me!
56.3%

You're not logged in!

Compare scores with friends on all Sporcle quizzes.
OR
Log In

Show Comments

Extras

Top Quizzes Today


Score Distribution

Your Account Isn't Verified!

In order to create a playlist on Sporcle, you need to verify the email address you used during registration. Go to your Sporcle Settings to finish the process.

Report this User

Report this user for behavior that violates our Community Guidelines.

Details: